[Event "Robecchetto op-B 26th"]
[Site "Robecchetto"]
[Date "2015.07.26"]
[Round "4"]
[White "Schingaro, Angelo"]
[Black "Mereghetti, Marco"]
[Result "0-1"]
[WhiteElo "1719"]
[BlackElo "1655"]
[PlyCount "46"]
[EventDate "2015.07.24"]
[EventType "swiss"]
[EventRounds "5"]
[EventCountry "ITA"]
[SourceTitle "EXT 2023"]
[Source "ChessBase"]
[SourceDate "2022.10.05"]
[SourceVersion "1"]
[SourceVersionDate "2022.10.05"]
[SourceQuality "1"]

1. e4 e6 2. d4 d5 3. e5 c5 4. c3 Nc6 5. Nf3 Qb6 6. a3 c4 7. Nbd2 Na5 8. Be2 Nh6 9. Qc2 Be7 10. 0-0 Bd7 11. g3 0-0-0 12. Bd1 f6 13. Re1 Nf7 14. Qb1 Nc6 15. Bc2 fxe5 16. Nxe5 Nfxe5 17. dxe5 Bc5 18. Rf1 Rdf8 19. b4 Bxf2+ 20. Kg2 Nxe5 21. a4 Be1 22. a5 Qe3 23. Nf3 Qe2+ 0-1

[Event "Robecchetto op-B 26th"]
[Site "Robecchetto"]
[Date "2015.07.25"]
[Round "3"]
[White "Mereghetti, Marco"]
[Black "Dubois, Thomas"]
[Result "0-1"]
[WhiteElo "1655"]
[BlackElo "1826"]
[PlyCount "61"]
[EventDate "2015.07.24"]
[EventType "swiss"]
[EventRounds "5"]
[EventCountry "ITA"]
[SourceTitle "EXT 2023"]
[Source "ChessBase"]
[SourceDate "2022.10.05"]
[SourceVersion "1"]
[SourceVersionDate "2022.10.05"]
[SourceQuality "1"]

1. e4 c6 2. d4 d5 3. Nc3 dxe4 4. Nxe4 Bf5 5. Ng3 Bg6 6. Nf3 Nd7 7. Bd3 Bxd3 8. Qxd3 Ngf6 9. 0-0 e6 10. Re1 Be7 11. Qb3 Qb6 12. Qxb6 Nxb6 13. b3 Bb4 14. Bd2 Nbd5 15. Bxb4 Nxb4 16. Re2 0-0 17. a3 Na6 18. Ne4 Nxe4 19. Rxe4 Rfd8 20. Ree1 Rd6 21. c3 Rad8 22. g3 Nc7 23. Re3 b6 24. Rd3 f6 25. Rad1 e5 26. Ne1 e4 27. Re3 Nd5 28. c4 Nxe3 29. fxe3 b5 30. c5 Rd5 31. Ng2 0-1

[Event "Robecchetto op-B 26th"]
[Site "Robecchetto"]
[Date "2015.07.24"]
[Round "1"]
[White "Mereghetti, Marco"]
[Black "Castoldi, Andrea"]
[Result "1-0"]
[WhiteElo "1655"]
[BlackElo "1392"]
[PlyCount "41"]
[EventDate "2015.07.24"]
[EventType "swiss"]
[EventRounds "5"]
[EventCountry "ITA"]
[SourceTitle "EXT 2023"]
[Source "ChessBase"]
[SourceDate "2022.10.05"]
[SourceVersion "1"]
[SourceVersionDate "2022.10.05"]
[SourceQuality "1"]

1. e4 c6 2. d4 d5 3. Nc3 dxe4 4. Nxe4 Nd7 5. Nf3 Ngf6 6. Ng3 e6 7. Bd3 Be7 8. 0-0 0-0 9. b3 c5 10. c4 cxd4 11. Nxd4 Nc5 12. Bc2 Bd7 13. b4 Na6 14. a3 Rc8 15. Qd3 Qc7 16. c5 Nxc5 17. bxc5 Bxc5 18. Nh5 g6 19. Nxf6+ Kh8 20. Qh3 Kg7 21. Bh6+ 1-0

[Event "Robecchetto Primavera op 12th"]
[Site "Robecchetto"]
[Date "2015.05.14"]
[Round "6"]
[White "Mereghetti, Marco"]
[Black "Macchiettini, Pierangelo"]
[Result "1/2-1/2"]
[WhiteElo "1762"]
[BlackElo "1674"]
[PlyCount "28"]
[EventDate "2015.04.02"]
[EventType "swiss"]
[EventRounds "7"]
[EventCountry "ITA"]
[SourceTitle "EXT 2017"]
[Source "ChessBase"]
[SourceDate "2016.10.25"]
[SourceVersion "1"]
[SourceVersionDate "2016.10.25"]
[SourceQuality "1"]

1. e4 c5 2. Nf3 d6 3. d4 cxd4 4. Nxd4 Nf6 5. Nc3 a6 6. Bg5 e6 7. f4 Be7 8. Qf3 Qc7 9. 0-0-0 Nbd7 10. g4 b5 11. Bxf6 Nxf6 12. g5 Nd7 13. h4 Bb7 14. f5 Nc5 1/2-1/2

[Event "Robecchetto Primavera op 12th"]
[Site "Robecchetto"]
[Date "2015.04.02"]
[Round "1"]
[White "Pappalardo, Antonio"]
[Black "Mereghetti, Marco"]
[Result "1/2-1/2"]
[WhiteElo "1659"]
[BlackElo "1762"]
[PlyCount "116"]
[EventDate "2015.04.02"]
[EventType "swiss"]
[EventRounds "7"]
[EventCountry "ITA"]
[SourceTitle "EXT 2017"]
[Source "ChessBase"]
[SourceDate "2016.10.25"]
[SourceVersion "1"]
[SourceVersionDate "2016.10.25"]
[SourceQuality "1"]

1. d4 Nf6 2. e3 g6 3. Bd3 Bg7 4. Nd2 d5 5. f4 c5 6. c3 cxd4 7. exd4 Qc7 8. Qf3 Nc6 9. h3 e6 10. Nb3 Nd7 11. Be3 a6 12. Ne2 0-0 13. g4 b5 14. Rc1 Na5 15. Nxa5 Qxa5 16. a3 Nf6 17. Ng3 Bd7 18. 0-0 Qd8 19. Rc2 Ne8 20. Rh2 Nd6 21. h4 Nc4 22. Bc1 Qb6 23. h5 e5 24. hxg6 e4 25. Nxe4 dxe4 26. Bxe4 Rae8 27. gxf7+ Rxf7 28. Bxh7+ Kf8 29. Re2 Rxe2 30. Qxe2 Bxd4+ 31. cxd4 Qxd4+ 32. Qf2 Qxf2+ 33. Rxf2 Rxh7 34. f5 Ne5 35. g5 Nd3 36. g6 Rh5 37. Rc2 Nxc1 38. Rxc1 Rxf5 39. Rc7 Ke7 40. Ra7 Rg5+ 41. Kf2 Rxg6 42. Ke3 Rd6 43. Ke4 Ke6 44. Ke3 Kd5 45. Rc7 Bf5 46. Rf7 Bg6 47. Rg7 Kc4 48. a4 b4 49. Rb7 a5 50. Rb5 Rd5 51. b3+ Kxb3 52. Rxd5 Kxa4 53. Kd2 Bf7 54. Rf5 Bc4 55. Kc2 Bb3+ 56. Kb2 Be6 57. Re5 Bc4 58. Rc5 Bf7 1/2-1/2